| 000 | 00905nmc a2200313 a 4500 | ||
|---|---|---|---|
| 003 | AR-BaBNM | ||
| 005 | 20251128204545.0 | ||
| 008 | 011101s1994 ||||||||||||||000 | spa|| | ||
| 020 | _a950-892-002-5 | ||
| 040 | _cAR-BaBNM | ||
| 100 | 1 | _aFinnegan, Florencia | |
| 245 | 1 | 0 |
_aOrientaciones para el educador _baprendizaje con textos educativos |
| 260 |
_aBuenos Aires _bLugar Editorial _bIdeas _c1994 |
||
| 300 | 0 | _a39 p. | |
| 490 | 0 | _aCuadernos de educación para jóvenes y adultos | |
| 504 | _aContiene bibliografía | ||
| 650 | 4 | _aCURRICULO | |
| 650 | 4 | _aAPRENDIZAJE DE ADULTOS | |
| 650 | 4 | _aPROCESO DE APRENDIZAJE | |
| 650 | 4 | _aENSENANZA DE LA LECTURA | |
| 650 | 4 | _aLECTURA SILENCIOSA | |
| 650 | 4 | _aLECTURA EN VOZ ALTA | |
| 650 | 4 | _aMATERIAL DIDACTICO | |
| 650 | 4 | _aMETODOS DE ENSENANZA | |
| 653 | 0 | _aCOMPRENSION LECTORA | |
| 700 | 1 | _aPagano, Ana | |
| 942 | _cBK | ||
| 998 | _cSILVI | ||
| 999 |
_c7914 _d7914 |
||